Математическое моделирование технических систем: учебник для вузов

Bibliografiske detaljer
Hovedforfatter: Тарасик В. П. Владимир Петрович
Summary:Изложены основы методологии математического моделирования и проведения вычислительных экспериментов на ЭВМ в процессе проектирования сложных технических систем. Рассмотрены принципы и современные методы построения детерминированных и вероятностных, теоретических и экспериментальных факторных моделей, численные методы решения систем алгебраических и дифференциальных уравнений и задач многокритериальной оптимизации. Построение математических моделей и применение численных методов анализа иллюстрируется примерами. Для студентов технических ВУЗов, аспирантов, инженеров (проектировщиков и исследователей) и научных работников.
Sprog:russisk
Udgivet: Минск, Дизайн ПРО, 2004
Udgivelse:2-е изд., испр. и доп.
Fag:
Format: Bog
KOHA link:https://koha.lib.tpu.ru/cgi-bin/koha/opac-detail.pl?biblionumber=90870

MARC

LEADER 00000nam0a2200000 4500
001 90870
005 20231031103741.0
010 |a 9854520803 
035 |a (RuTPU)RU\TPU\book\97429 
035 |a RU\TPU\book\10677 
090 |a 90870 
100 |a 20060215d2004 m y0rusy50 ca 
101 0 |a rus 
102 |a BY 
105 |a a j 001zy 
200 1 |a Математическое моделирование технических систем  |e учебник для вузов  |f В. П. Тарасик 
205 |a 2-е изд., испр. и доп. 
210 |a Минск  |c Дизайн ПРО  |d 2004 
215 |a 640 с.  |c ил. 
320 |a Библиогр.: с. 620-622. 
320 |a Предметный указатель: с. 623-632. 
330 |a Изложены основы методологии математического моделирования и проведения вычислительных экспериментов на ЭВМ в процессе проектирования сложных технических систем. Рассмотрены принципы и современные методы построения детерминированных и вероятностных, теоретических и экспериментальных факторных моделей, численные методы решения систем алгебраических и дифференциальных уравнений и задач многокритериальной оптимизации. Построение математических моделей и применение численных методов анализа иллюстрируется примерами. Для студентов технических ВУЗов, аспирантов, инженеров (проектировщиков и исследователей) и научных работников. 
451 1 |0 (RuTPU)RU\TPU\book\10677  |y 9856182107  |t Математическое моделирование технических систем  |o учебник  |f В. П. Тарасик  |c Минск  |n Дизайн ПРО  |d 1997  |p 640 с.  |s Ученый. Инженер. Студент. Учащийся  |a Тарасик, Владимир Петрович 
610 1 |a технические системы 
610 1 |a математическое моделирование 
610 1 |a дискретные элементы 
610 1 |a математические модели 
610 1 |a построение 
610 1 |a структурно-матричный метод 
610 1 |a нелинейные системы 
610 1 |a системы с виртуальными связями 
610 1 |a системы с неголономными связями 
610 1 |a качественный анализ 
610 1 |a статические состояния 
610 1 |a переходные процессы 
610 1 |a вероятностные системы 
610 1 |a факторные эксперименты 
610 1 |a планирование эксперимента 
610 1 |a оптимизация 
610 1 |a учебники 
675 |a 519.876(075.8)  |v 3 
700 1 |a Тарасик  |b В. П.  |g Владимир Петрович 
801 0 |a RU  |b 63413507  |c 20011209  |g PSBO 
801 2 |a RU  |b 63413507  |c 20201117  |g PSBO 
900 |a Математическое моделирование 
900 |a Моделирование и оптимизация свойств материалов и технологических процессов 
900 |a Компьютерное моделирование 
900 |a Моделирование и анализ сложных систем 
942 |c BK 
954 |a 510000  |a 550000 
959 |a 120/20051228  |d 1  |e 924  |f НФ:1 
959 |a 77/20060911  |d 5  |e 0  |f НФ:1  |f УФ:4